| 000 | 00743nam a22002537a 4500 | ||
|---|---|---|---|
| 008 | 131103b xxu||||| |||| 00| 0 eng d | ||
| 020 | _a0-582-47312-8 | ||
| 024 | _cAvailable | ||
| 037 | _cAvailable | ||
| 040 |
_aMBSTU LIBRARY _dMBSTU LIBRARY |
||
| 082 |
_222 _a345.064 CHC |
||
| 100 | _aChamelin, Neil C. | ||
| 245 | _aCriminal law: Catherin eliett and Francis quinn. | ||
| 250 | _a4th | ||
| 260 |
_aNew York _bPrentice Hall. _c2002 |
||
| 300 |
_a24 cm. _b344 page _f1 _g24 cm. |
||
| 600 | _2Criminal law. | ||
| 650 | _2Criminal law. | ||
| 700 | _aChamelin, Neil C. | ||
| 270 |
_aNew York _bNew York _dUSA |
||
| 365 |
_b5639.00 _d5639.00 |
||
| 942 |
_2ddc _cBK |
||
| 999 |
_c777 _d777 |
||